| 000 | 00421nam a2200097Ia 4500 | ||
|---|---|---|---|
| 008 | 180130s9999 xx 000 0 und d | ||
| 245 |
_cMusa, Ibrahim K; Walker, Stuart D; Owen, Anne M; Harrison, Andrew P _aSelf-service infrastructure container for data intensive application |
||
| 260 | _c2016 | ||
| 300 | _aBook title: Cloud architecture and engineering--Acession number C20554; pages 81-101 | ||
| 650 | _aCLOUD ARCHITECTURE | ||
| 999 |
_c353837 _d353837 |
||